Statistics for Levi's General Knowledge #2

Click here to take the quiz!

General Stats

  • This quiz has been taken 34 times
  • The average score is 5 of 15

Answer Stats

Hint Answer % Correct
What is man's "bestfriend"?A dog
81%
Gaelic is a language spoken in what country?Ireland
71%
Where is Holland located?The Netherlands
55%
What action star was Bruce Lee's stuntman in his early years?Jackie Chan
52%
What color is the McDonald's character Grimace?Purple
45%
How many inches are in 4 3/4 feet?57
39%
In American football what earns you three points?Field Goal
35%
What does the acronym AIDS stand for?Acquired Immunodeficiency Syndrome
23%
Who is the Greek god of wine?Dionysus
23%
What brand of automobile became popular during World War II?Jeep
16%
What was Marie Antoinette's title?Queen of France
16%
Where are cranberries grown?Bogs
6%
What is the actual German word for U-Boat?Unterseeboot
6%
What is the name of the popular game series that includes "Oblivion" and "Skyrim"?The Elder Scrolls
6%
Who broke Herschel Walker's SEC record for most rushing touchdowns?Tim Tebow
3%

Score Distribution

Percentile by Number Answered

Percent of People with Each Score

Your Score History

You have not taken this quiz